Memorias de un Oficial del Ejército español. Campañas contra Bolívar y los separatistas de América. Apreciación de la obra por R. Blanco Fombona

Guardado en:
Detalles Bibliográficos
Autor principal: Sevilla, Rafael (Autor)
Formato: Libro
Lenguaje:español
Publicado: Madrid Editorial América 1916
Edición:1a. ed
Colección:Biblioteca Ayacucho, bajo la dirección de Don Rufino Blanco Fombona, vol. V
Materias:
Etiquetas: Agregar Etiqueta
Sin Etiquetas, Sea el primero en etiquetar este registro!

MARC

LEADER 00000nam a2200000 a 4500
001 UCJ6459
003 CL-VaPUC
008 070124e19160000SP |||||||||||||||||spa|d
082 0 4 |a 980  |b SEV  |2 21 
100 0 |a Sevilla, Rafael  |e author  |9 513149 
245 1 0 |a Memorias de un Oficial del Ejército español. Campañas contra Bolívar y los separatistas de América. Apreciación de la obra por R. Blanco Fombona 
250 |a 1a. ed 
300 |a 309 p 
942 |c BK 
945 |d 20070124 00:00:00  |a rinostro 
260 |a Madrid  |b Editorial América  |c 1916 
600 0 7 |a BLANCO FOMBONA, RUFINO  |2 CL-VaPUC  |9 345390 
600 0 |a Morillo, Pablo,  |c Conde de Cartagena,  |d 1778-1837  |9 513119 
650 7 |a MEMORIAS  |2 CL-VaPUC  |9 269159 
650 0 |a Guerra de la independencia   |9 331979 
650 7 |a DOCUMENTOS  |2 CL-VaPUC  |9 366450 
650 7 |a BATALLAS  |2 CL-VaPUC  |9 376940 
651 0 |a Venezuela  |9 254993 
651 7 |a GUAYANAS  |2 CL-VaPUC  |9 357861 
583 |a last modification  |c 20070124 00:00:00  |k Rodrigo Vera 
490 0 |a Biblioteca Ayacucho, bajo la dirección de Don Rufino Blanco Fombona, vol. V 
999 |c 322562  |d 322560 
952 |0 0  |1 0  |4 0  |6 980_000000000000000_SEV_1916  |7 0  |8 X  |9 401575  |a FDOBUD  |b FDOBUD  |d 2019-11-22  |i 1048163  |o 980 SEV 1916  |p 1048163  |r 2019-11-22  |w 2019-11-22  |y BK_X  |k BUD